000 00646nam a2200277Ia 4500
005 20260324144616.0
008 008 260324s9999 xx 000 0 eng d
020 _a9780203724897
037 _aEBOOK
040 _aCRL
040 _beng
040 _cCRL
041 _2eng
041 _aeng
084 _qCRL
100 _aMichael Bruton; David Nicholson
_91219959
245 0 _aLocal Planning In Practice
260 _bTaylor and Francis
260 _c1987
365 _a
365 _b230
856 _uhttp://www.taylorfrancis.com/books/9780203724897
942 _cEBOOK
999 _c1826769
_d1826769